[Event "Randy(Beauregard)  Bahr III memorial"]
[Site "SchemingMind.com"]
[Date "2025.01.03"]
[Round "-"]
[White "palberto1963"]
[Black "William Lindberg"]
[Result "1-0"]
[WhiteCountry "ESP"]
[BlackCountry "USA"]
[WhiteElo "2539"]
[WhiteRD "64"]
[BlackElo "2325"]
[BlackRD "63"]
[GameID "750385"]

1. c4 e5 2. Nc3 Nf6 3. Nf3 Nc6 4. e4 Bb4 5. d3 O-O 6. a3 Bxc3+ 7. bxc3 d6 8. g3 h6 9. Bg2 Be6 10. O-O Re8
11. Nh4 Na5 12. Rb1 c6 13. h3 b6 14. f4 exf4 15. Bxf4 Qe7 16. Rb2 Rad8 17. Rbf2 Nh7 18. Bc1 c5 19. Kh2 Rf8 20. Nf5 Bxf5
21. exf5 Nf6 22. Bd2 Rfe8 23. a4 Qc7 24. Bd5 Re5 25. g4 Nxd5 26. cxd5 Rxd5 27. Qf3 Re5 28. f6 g5 29. h4 Nb3 30. Bxg5 hxg5
31. hxg5 Rxg5 32. Rh1 Qc8 33. Kg3 Qa8 34. Qf4 Qd5 35. d4 Nxd4 36. cxd4 Rg6 37. Rh6 Qb3+ 38. Rf3 Qc2 39. Rxg6+ Qxg6 40. Qd2 Qb1
41. dxc5 bxc5 42. Qg5+ Qg6 43. Qe3 Qb1 44. Rf5 Rb8 45. Qg5+ Kf8 46. Qg7+ Ke8 47. Qg8+ Kd7 48. Qxf7+ Kc6 49. Qd5+ Kc7 50. Rh5 Qe1+
51. Kf4 Rb4+ 52. Kf5 Qf1+ 53. Kg6 Rxg4+ 54. Rg5 Rxa4 55. f7 Rf4 56. Rf5 Rg4+ 57. Kh7 Qh3+ 58. Rh5 Qf1 59. Qf5 Rf4 60. f8=Q Rxf5
61. Qxf5 Qxf5+ 62. Rxf5 Kc6 63. Kg6 Kb5 64. Kg5 a5 65. Kf4 a4 66. Ke3 a3 67. Kd2 a2 68. Rf1 Kb4 69. Kc2 Ka3 70. Rf3+ Kb4
71. Kb2 a1=Q+ 72. Kxa1 Kc4 73. Kb2 Kd4 74. Rf6 d5 75. Rf5 Ke4 76. Rg5 Kd4 77. Kb3 Ke4 78. Kc3 d4+ 79. Kc4 Ke3 80. Rxc5 d3
81. Re5+ Kd2 82. Kd4 Kc2 83. Rc5+ Kd2 84. Rc3 Ke2 85. Rxd3 Kf2 86. Re3 Kg2 87. Ke4 Kf2 88. Kf4 Kg2 89. Re2+ Kf1 90. Kf3
1-0

[Event "Randy(Beauregard)  Bahr III memorial"]
[Site "SchemingMind.com"]
[Date "2025.01.04"]
[Round "-"]
[White "George Dimitrov"]
[Black "palberto1963"]
[Result "1/2-1/2"]
[WhiteCountry "BUL"]
[BlackCountry "ESP"]
[WhiteElo "2544"]
[WhiteRD "84"]
[BlackElo "2539"]
[BlackRD "64"]
[GameID "750386"]

1. e4 e5 2. Nf3 Nc6 3. Bb5 Nf6 4. O-O Nxe4 5. Re1 Nd6 6. Nxe5 Be7 7. Bf1 Nxe5 8. Rxe5 O-O 9. d4 Bf6 10. Re1 Re8
11. c3 Rxe1 12. Qxe1 Ne8 13. d5 d6 14. Be3 Bf5 15. Qd2 c6 16. Qd1 Qc7 17. h3 Qd7 18. Qb3 Be4 19. Bc4 b5 20. dxc6 Bxc6
21. Bf1 a5 22. Na3 Nc7 23. Qd1 b4 24. Nc4 bxc3 25. bxc3 Qe6 26. Qxd6 Nb5 27. Qxe6 fxe6 28. Nb6 Rd8 29. Bxb5 Bxb5 30. Rc1 Kf7
31. c4 Bc6 32. c5 Ke8 33. Nc4 a4 34. f3 Rd3 35. Kf2 Rc3 36. Rxc3=
1/2-1/2

[Event "Randy(Beauregard)  Bahr III memorial"]
[Site "SchemingMind.com"]
[Date "2025.01.04"]
[Round "-"]
[White "palberto1963"]
[Black "George Dimitrov"]
[Result "1/2-1/2"]
[WhiteCountry "ESP"]
[BlackCountry "BUL"]
[WhiteElo "2531"]
[WhiteRD "73"]
[BlackElo "2557"]
[BlackRD "87"]
[GameID "750387"]

1. c4 c5 2. Nf3 Nf6 3. Nc3 Nc6 4. g3 d5 5. d4 e6 6. cxd5 Nxd5 7. Bg2 cxd4 8. Nxd4 Nxc3 9. bxc3 Nxd4 10. Qxd4 Qxd4
11. cxd4 Bd6 12. O-O Rb8 13. e4 b5 14. Bd2 e5 15. Be3 O-O 16. f4 exd4 17. Bxd4 Be6 18. e5 Be7 19. Bxa7 Rbc8 20. a4 bxa4
21. Rxa4 g6=
1/2-1/2

[Event "Randy(Beauregard)  Bahr III memorial"]
[Site "SchemingMind.com"]
[Date "2025.01.03"]
[Round "-"]
[White "Robert Hatfield"]
[Black "palberto1963"]
[Result "0-1"]
[WhiteCountry "USA"]
[BlackCountry "ESP"]
[WhiteElo "1707"]
[WhiteRD "58"]
[BlackElo "2531"]
[BlackRD "73"]
[GameID "750388"]

1. e4 e5 2. Nf3 Nc6 3. Bb5 Nf6 4. O-O Nxe4 5. d4 Nd6 6. Bxc6 dxc6 7. Re1 e4 8. Ng5 f5 9. Bf4 g6 10. c3 Be7
11. Qd2 h6 12. Nh3 g5 13. Be5 Nc4 14. Qc2 Nxe5 15. dxe5 Qd5 16. Nd2 Be6 17. Rad1 Qxe5 18. Nf3 Qf6 19. Nd4 O-O-O 20. Nxe6 Rxd1
21. Rxd1 Qxe6
0-1

[Event "Randy(Beauregard)  Bahr III memorial"]
[Site "SchemingMind.com"]
[Date "2025.01.03"]
[Round "-"]
[White "palberto1963"]
[Black "Robert Hatfield"]
[Result "1-0"]
[WhiteCountry "ESP"]
[BlackCountry "USA"]
[WhiteElo "2531"]
[WhiteRD "73"]
[BlackElo "1707"]
[BlackRD "58"]
[GameID "750389"]

1. c4 e5 2. Nc3 Nf6 3. Nf3 Nc6 4. e4 Bb4 5. d3 Bxc3+ 6. bxc3 h6 7. g3 d6 8. a4 Bg4 9. Bg2 Qd7 10. h3 Bxf3
11. Qxf3 Na5 12. Be3 c5 13. Qe2 O-O 14. f4 Nb3 15. Rb1 a5 16. Rxb3
1-0

[Event "Randy(Beauregard)  Bahr III memorial"]
[Site "SchemingMind.com"]
[Date "2025.01.03"]
[Round "-"]
[White "Matthew Bailey"]
[Black "palberto1963"]
[Result "1/2-1/2"]
[WhiteCountry "ENG"]
[BlackCountry "ESP"]
[WhiteElo "2569"]
[WhiteRD "70"]
[BlackElo "2534"]
[BlackRD "79"]
[GameID "750390"]

1. e4 e5 2. Nf3 Nc6 3. Bb5 Nf6 4. O-O Nxe4 5. d4 Nd6 6. dxe5 Nxb5 7. a4 Nbd4 8. Nxd4 d5 9. exd6 Nxd4 10. Qxd4 Qxd6
11. Qe4+ Qe6 12. Qd4 Qd6 13. Qe4+ Qe6=
1/2-1/2

[Event "Randy(Beauregard)  Bahr III memorial"]
[Site "SchemingMind.com"]
[Date "2025.01.03"]
[Round "-"]
[White "palberto1963"]
[Black "Matthew Bailey"]
[Result "1/2-1/2"]
[WhiteCountry "ESP"]
[BlackCountry "ENG"]
[WhiteElo "2531"]
[WhiteRD "73"]
[BlackElo "2571"]
[BlackRD "71"]
[GameID "750391"]

1. c4 e5 2. Nc3 Nf6 3. Nf3 Nc6 4. e4 Bc5 5. Nxe5 Nxe5 6. d4 Bb4 7. dxe5 Nxe4 8. Qf3 Nxc3 9. bxc3 Ba5 10. Bf4 O-O
11. O-O-O Qe7 12. Kb2 Rb8 13. Qe3 Bb6 14. Qg3 Re8 15. Bd3 Bc5 16. Rhe1 b5 17. cxb5 a6 18. Bg5 Ba3+ 19. Kb3 Qf8 20. Bf6 g6
21. h4 d5 22. Kc2 Bd7 23. Rb1 Bxb5 24. h5 Bxd3+ 25. Qxd3 Rxb1 26. Rxb1 Be7 27. Qxa6 Bxf6 28. Qxf6 Re6 29. Qf4=
1/2-1/2

[Event "Randy(Beauregard)  Bahr III memorial"]
[Site "SchemingMind.com"]
[Date "2025.01.04"]
[Round "-"]
[White "Robert Bruce"]
[Black "eliecercruzr"]
[Result "1/2-1/2"]
[WhiteCountry "SCO"]
[BlackCountry "CUB"]
[WhiteElo "2318"]
[WhiteRD "66"]
[BlackElo "2430"]
[BlackRD "57"]
[GameID "750419"]

1. d4 g6 2. c4 Nf6 3. g3 c6 4. Bg2 d5 5. Qa4 Nbd7 6. cxd5 Nb6 7. Qb3 cxd5 8. Nc3 Bg7 9. Nf3 O-O 10. O-O Ne4
11. Bf4 Bf5 12. Rfc1 e6 13. a4 Nc4 14. Qxb7 g5 15. Nxe4 gxf4 16. Nc5 Bg4 17. b3 Bxf3 18. Bxf3 Nd6 19. Qd7 Bxd4 20. Qxd8 Rfxd8
21. Rab1 fxg3 22. hxg3 Rab8 23. e3 Bxc5 24. Rxc5 Rdc8=
1/2-1/2

[Event "Randy(Beauregard)  Bahr III memorial"]
[Site "SchemingMind.com"]
[Date "2025.01.04"]
[Round "-"]
[White "eliecercruzr"]
[Black "Robert Bruce"]
[Result "1/2-1/2"]
[WhiteCountry "CUB"]
[BlackCountry "SCO"]
[WhiteElo "2430"]
[WhiteRD "57"]
[BlackElo "2318"]
[BlackRD "66"]
[GameID "750420"]

1. e4 c5 2. Nf3 d6 3. Bb5+ Nd7 4. c4 Nf6 5. Nc3 g6 6. Ba4 Bg7 7. O-O O-O 8. d3 b6 9. a3 Bb7 10. Rb1 e6
11. b4 Qe7 12. h3 h6 13. Ne2 Nh5 14. Ng3 Nxg3 15. fxg3 f5 16. Qe2 Rad8 17. exf5 Rxf5 18. Bxd7 Qxd7 19. Bb2 e5 20. Kh2 Kh7
21. Nd2 d5 22. bxc5 bxc5 23. Rxf5 gxf5 24. cxd5 Qxd5 25. Qf2 Qxd3 26. Bxe5 Bxg2 27. Rb3 Qd7 28. Bxg7 Kxg7 29. Qxc5 Ba8 30. Nf3 Qf7
31. Qe5+ Kh7=
1/2-1/2

[Event "Randy(Beauregard)  Bahr III memorial"]
[Site "SchemingMind.com"]
[Date "2025.01.04"]
[Round "-"]
[White "William Lindberg"]
[Black "eliecercruzr"]
[Result "1/2-1/2"]
[WhiteCountry "USA"]
[BlackCountry "CUB"]
[WhiteElo "2325"]
[WhiteRD "63"]
[BlackElo "2430"]
[BlackRD "57"]
[GameID "750421"]

1. c4 c5 2. Nf3 e6 3. e4 Nc6 4. d4 cxd4 5. Nxd4 Nf6 6. Nc3 Bb4 7. Nxc6 bxc6 8. Bd3 e5 9. O-O O-O 10. Be3 Bxc3
11. bxc3 d6 12. Qf3 Nd7 13. Rad1 c5 14. Bc2 Qc7 15. Qe2 Rb8 16. Rd2 Rb6 17. Qd3 h6 18. Rb1 Ra6 19. Bb3 Nf6 20. f3 Be6
21. Bd1 Nh5 22. Rb3 Nf4 23. Qf1 Qe7 24. g3 Nh3+ 25. Kg2 h5 26. Be2 g5 27. Qd1 Kg7 28. Kh1 Qf6 29. Bf1 Re8 30. Qe2 g4
31. Bxh3 gxh3 32. Kg1 Rd8 33. f4 exf4 34. Bxf4 Bg4 35. Qd3 Qg6 36. Rb1 Kh7 37. Re1 Be6 38. Rf2 Rd7 39. Bc1 Ra4 40. Ref1 Rxc4
41. Qd2 Rxe4 42. Rf6 Qg7 43. c4 Kg8 44. Bb2 Bxc4 45. Rh6 Re5 46. Bxe5 dxe5 47. Qxd7 Qxh6=
1/2-1/2

[Event "Randy(Beauregard)  Bahr III memorial"]
[Site "SchemingMind.com"]
[Date "2025.01.04"]
[Round "-"]
[White "eliecercruzr"]
[Black "William Lindberg"]
[Result "*"]
[WhiteCountry "CUB"]
[BlackCountry "USA"]
[WhiteElo "2430"]
[WhiteRD "57"]
[BlackElo "2325"]
[BlackRD "63"]
[GameID "750422"]

1. e4 e5 2. Nf3 Nc6 3. Bb5 a6 4. Ba4 Nf6 5. O-O Be7 6. Re1 b5 7. Bb3 O-O 8. c3 d5 9. exd5 Nxd5 10. Nxe5 Nxe5
11. Rxe5 c6 12. d4 a5 13. Re1 Re8 14. Bc2 a4 15. Nd2 g6 16. a3 Be6 17. Nf3 Qc7 18. h3 Bd6 19. Ng5 Bd7 20. Ne4 Bf5
21. Nxd6 Rxe1+ 22. Qxe1 Bxc2 23. Qe5 Qe7 24. Bg5 Qxe5 25. dxe5 Kg7 26. Re1 Bb3 27. h4 Nb6 28. Bf6+ Kf8 29. Re4 Rb8 30. h5 gxh5
31. f4 Kg8 32. f5 h6 33. e6 fxe6 34. fxe6 Nc4 35. Nf5 Bc2 36. Ne7+ Kh7 37. Rd4 Rf8 38. Rd7 Rxf6 39. Nd5+ Kg6 40. e7 Re6
41. Nf4+ Kf7 42. Nxe6 Bf5 43. Nd8+ Ke8 44. Rc7 Nxb2 45. Nxc6 Nc4 46. Rb7 Bd7 47. Nb8 Bc8 48. Rxb5 Nxa3 49. Rc5 Bg4 50. Ra5 Kxe7
51. Rxa4 Nb1 52. c4 Kd6 53. Na6 Nc3 54. Ra3 Ne2+ 55. Kf2 Kc6 56. Rb3 Nf4 57. g3 Nh3+ 58. Ke3 Ng1 59. Rb5 Ne2 60. Nb4+ Kd6
61. Rd5+ Ke6 62. Kf2 Nc3 63. Rd4 Ke5 64. Nc6+ Kf5 65. Rf4+ Kg5 66. Ne5 Nd1+ 67. Kg1 Nc3 68. Nf3+ Bxf3 69. Rxf3 Ne4 70. Kg2 Nc5
71. Kh3 Kg6 72. Kh4 Ne6 73. Rd3 Ng7 74. c5 Nf5+ 75. Kh3 Ng7 76. c6 Ne6 77. Rd6 Kf5 78. Kh4 Nc7 79. Rd7 Na8 80. c7 Nb6
81. Rd8 Ke5 82. Rb8 Nc8
*

[Event "Randy(Beauregard)  Bahr III memorial"]
[Site "SchemingMind.com"]
[Date "2025.01.04"]
[Round "-"]
[White "George Dimitrov"]
[Black "eliecercruzr"]
[Result "1/2-1/2"]
[WhiteCountry "BUL"]
[BlackCountry "CUB"]
[WhiteElo "2544"]
[WhiteRD "84"]
[BlackElo "2430"]
[BlackRD "57"]
[GameID "750423"]

1. e4 e5 2. Nf3 Nc6 3. Bb5 a6 4. Ba4 Nf6 5. O-O Be7 6. Re1 b5 7. Bb3 O-O 8. c3 d5 9. exd5 Nxd5 10. Nxe5 Nxe5
11. Rxe5 c6 12. d3 Bd6 13. Re1 Bf5 14. Qf3 Re8 15. Rxe8+ Qxe8 16. Nd2 Qe1+ 17. Nf1 Bg6 18. g3 b4 19. c4 Nf6 20. Qxc6 Rd8
21. Qb6 Rd7 22. Bc2 Ng4 23. Rb1 Qe2 24. Bd2 Ne5 25. Qe3 Qh5 26. Bd1 Qf5 27. Be2 f6 28. b3 Bc5 29. Qf4 Qxf4 30. Bxf4 Nxd3
31. Be3 Bxe3 32. Nxe3 Nxf2 33. Re1 Nd3 34. Rd1 Nc5 35. Nd5 a5 36. Bg4 Ra7 37. Bf3 Kf7 38. Kf2 Bc2=
1/2-1/2

[Event "Randy(Beauregard)  Bahr III memorial"]
[Site "SchemingMind.com"]
[Date "2025.01.04"]
[Round "-"]
[White "eliecercruzr"]
[Black "George Dimitrov"]
[Result "1/2-1/2"]
[WhiteCountry "CUB"]
[BlackCountry "BUL"]
[WhiteElo "2430"]
[WhiteRD "57"]
[BlackElo "2544"]
[BlackRD "84"]
[GameID "750424"]

1. e4 e5 2. Nf3 Nc6 3. Bb5 a6 4. Ba4 Nf6 5. O-O Be7 6. Re1 b5 7. Bb3 O-O 8. c3 d6 9. h3 Bb7 10. d4 Re8
11. Ng5 Rf8 12. Nf3 Nd7 13. a4 Na5 14. Bc2 c5 15. d5 Qc7 16. b3 c4 17. b4 Nb3 18. Bxb3 cxb3 19. axb5 axb5 20. Rxa8 Rxa8
21. Qxb3 f5 22. Na3 fxe4 23. Nd2 Nb6 24. Nxb5 Qd7 25. c4 Bxd5 26. Nxd6 Qxd6 27. cxd5 Qxb4 28. Qg3 Nd7 29. Rxe4 Qb7 30. Rg4 Bf8
31. Qf3 Ra5 32. Kh2 Qxd5 33. Ne4 Ra6 34. Rh4 h6 35. Qg4 Nf6 36. Qe2 Rc6 37. Nxf6+ Rxf6 38. Be3 e4 39. Qg4=
1/2-1/2

[Event "Randy(Beauregard)  Bahr III memorial"]
[Site "SchemingMind.com"]
[Date "2025.01.04"]
[Round "-"]
[White "Robert Hatfield"]
[Black "eliecercruzr"]
[Result "0-1"]
[WhiteCountry "USA"]
[BlackCountry "CUB"]
[WhiteElo "1707"]
[WhiteRD "58"]
[BlackElo "2420"]
[BlackRD "58"]
[GameID "750425"]

1. e4 e5 2. Nf3 Nc6 3. Bb5 a6 4. Ba4 Nf6 5. O-O Be7 6. Re1 b5 7. Bb3 O-O 8. c3 d5 9. d4 exd4 10. e5 Ne4
11. cxd4 Bf5 12. Nc3 Nxc3 13. bxc3 Na5 14. Bc2 Bxc2 15. Qxc2 Nc4 16. a4 c6 17. axb5 cxb5 18. Bf4 a5 19. h3 a4 20. Bg3 Ra6
21. Rab1 Na3
0-1

[Event "Randy(Beauregard)  Bahr III memorial"]
[Site "SchemingMind.com"]
[Date "2025.01.04"]
[Round "-"]
[White "eliecercruzr"]
[Black "Robert Hatfield"]
[Result "1-0"]
[WhiteCountry "CUB"]
[BlackCountry "USA"]
[WhiteElo "2429"]
[WhiteRD "55"]
[BlackElo "1712"]
[BlackRD "56"]
[GameID "750426"]

1. e4 e5 2. Nf3 Nc6 3. Bc4 Bc5 4. d3 Nf6 5. O-O h6 6. c3 O-O 7. d4 Bb6 8. dxe5 Ng4 9. Bf4 Qe7 10. Qd5 Na5
11. Be2 c6 12. Qd3 Nxf2 13. Rxf2 Bxf2+ 14. Kxf2 b5 15. Nbd2
1-0

[Event "Randy(Beauregard)  Bahr III memorial"]
[Site "SchemingMind.com"]
[Date "2025.01.04"]
[Round "-"]
[White "Matthew Bailey"]
[Black "eliecercruzr"]
[Result "1/2-1/2"]
[WhiteCountry "ENG"]
[BlackCountry "CUB"]
[WhiteElo "2571"]
[WhiteRD "71"]
[BlackElo "2420"]
[BlackRD "58"]
[GameID "750427"]

1. e4 e5 2. Nf3 Nc6 3. Bc4 Bc5 4. O-O Nf6 5. d3 d6 6. c3 a5 7. h3 O-O 8. Re1 h6 9. Nbd2 Be6 10. Bb5 Qb8
11. Nf1 Qa7 12. Be3 Bxe3 13. Nxe3 Ne7 14. a4 Ng6 15. d4 Nxe4 16. Bd3 f5 17. Nxf5 Nxf2 18. Nxh6+ gxh6 19. Kxf2 Nh4 20. Re3 Nxf3
21. gxf3 Rf6 22. Qe2 Qb6 23. Rg1+ Kf8 24. Rg6 Rxg6 25. Bxg6 Ke7 26. Bh5 Rf8 27. Bg4 h5 28. Bxh5 Bxh3 29. dxe5 Rh8 30. exd6+ Kd8
31. dxc7+ Kc8 32. f4 Bd7 33. Ke1 Qh6 34. Re5 Qxf4 35. Rxa5 Qc1+=
1/2-1/2

[Event "Randy(Beauregard)  Bahr III memorial"]
[Site "SchemingMind.com"]
[Date "2025.01.04"]
[Round "-"]
[White "eliecercruzr"]
[Black "Matthew Bailey"]
[Result "1/2-1/2"]
[WhiteCountry "CUB"]
[BlackCountry "ENG"]
[WhiteElo "2420"]
[WhiteRD "58"]
[BlackElo "2571"]
[BlackRD "71"]
[GameID "750428"]

1. e4 c5 2. c3 d5 3. exd5 Qxd5 4. Nf3 e6 5. d4 Nf6 6. Na3 a6 7. Nc4 Nbd7 8. a4 cxd4 9. Qxd4 Bc5 10. Qh4 Qe4+
11. Qxe4 Nxe4 12. Be3 Bxe3 13. fxe3 Ke7 14. Bd3 Nd6 15. Nxd6 Kxd6 16. O-O Ke7 17. a5 Rd8 18. c4 Nf6 19. Ne5 Bd7 20. Be4 Rab8
21. b4 Be8 22. Bf3 Nd7 23. Nxd7 Bxd7 24. Rfd1 Bc6 25. Kf2 Bxf3 26. Kxf3 Rxd1 27. Rxd1 b6 28. axb6 Rxb6 29. Rb1 a5 30. b5 Kd6
31. Ke4 Kc5 32. Kd3 f5 33. Kc3 Rd6 34. Kb3 g5 35. Ka4 f4 36. exf4 gxf4 37. Re1 Rd2 38. Re4 e5 39. Rxe5+ Kxc4 40. Kxa5 Rxg2
41. Re4+ Kc5 42. Rxf4 Ra2+ 43. Ra4 Rb2 44. Ka6 Rxb5 45. Rh4 Rb6+ 46. Ka7 Rb2 47. Rxh7=
1/2-1/2

[Event "Randy(Beauregard)  Bahr III memorial"]
[Site "SchemingMind.com"]
[Date "2025.01.05"]
[Round "-"]
[White "eliecercruzr"]
[Black "palberto1963"]
[Result "1/2-1/2"]
[WhiteCountry "CUB"]
[BlackCountry "ESP"]
[WhiteElo "2430"]
[WhiteRD "57"]
[BlackElo "2539"]
[BlackRD "64"]
[GameID "750429"]

1. e4 e5 2. Nf3 Nc6 3. Bb5 Nf6 4. O-O Nxe4 5. Re1 Nd6 6. Nxe5 Be7 7. Bf1 Nxe5 8. Rxe5 O-O 9. d4 Bf6 10. Re1 Re8
11. c3 Rxe1 12. Qxe1 Ne8 13. Bf4 d5 14. Nd2 Bf5 15. Qe2 c6 16. h3 a5 17. Re1 a4 18. Qf3 Bg6 19. Qe3 h6 20. Nf3 Nd6
21. Bxd6 Qxd6 22. Bd3 Bxd3 23. Qxd3 g6 24. a3 h5 25. h4 Rc8 26. g3 Rc7 27. Qd1 b5 28. Qc1=
1/2-1/2

[Event "Randy(Beauregard)  Bahr III memorial"]
[Site "SchemingMind.com"]
[Date "2025.01.04"]
[Round "-"]
[White "palberto1963"]
[Black "eliecercruzr"]
[Result "*"]
[WhiteCountry "ESP"]
[BlackCountry "CUB"]
[WhiteElo "2539"]
[WhiteRD "64"]
[BlackElo "2430"]
[BlackRD "57"]
[GameID "750430"]

1. c4 c5 2. Nf3 e6 3. Nc3 Nf6 4. g3 d5 5. cxd5 exd5 6. d4 Nc6 7. Bg2 cxd4 8. Nxd4 Bc5 9. Nb3 Bb6 10. O-O d4
11. Na4 O-O 12. Bg5 Re8 13. Re1 h6 14. Nxb6 axb6 15. Bxc6 bxc6 16. Bxf6 Qxf6 17. Qxd4 Qd8 18. Qc3 c5 19. Rad1 Qe7 20. Nc1 Bb7
21. Rd3 Ba6 22. Rd2 h5 23. Red1 h4 24. f3 Rac8 25. Rd7 Qg5 26. R1d5 Qg6 27. R5d6 Qh7 28. g4 Bb5 29. Rb7 h3 30. Kf1 Qb1
31. Kf2 Qh7 32. Qb3 Qh4+ 33. Kf1 Re7 34. Rdxb6 Bd7 35. Qd5 Be6 36. Qe5 Rxb7 37. Rxb7 Qd8 38. Nd3 Bd5 39. Re7 Bxf3 40. g5 Bg2+
41. Ke1 Qa5+ 42. b4 Qb6 43. Re8+ Rxe8 44. Qxe8+ Kh7 45. Qxf7 cxb4 46. Qf5+ Qg6 47. Qxg6+ Kxg6 48. Nxb4 Kxg5 49. Kf2 Kf5 50. a4 Ke5
51. Nd3+ Kd4 52. Nf4 Bc6 53. e3+ Kc5 54. a5
*